Largest Marine Animals - Statistics

General Stats
  • This quiz has been taken 54 times
  • The average score is 9 of 20
Answer Stats
Answer Max Lenght % Correct
Sperm Whale 20-21 m
93%
Humpback Whale 16 m
91%
Grey Whale 15 m
87%
Right Whale 18 m
87%
Blue Whale 30-33 m
85%
White Shark 6-7 m
67%
Orca 9,8 m
65%
Whale Shark 18-20 m
61%
Basking Shark 8 m
57%
Mako Shark 4,5 m
52%
Giant Squid 13 m
43%
Elephant Seal 6,5 m
39%
Colossal Squid 14 m
26%
Greenland Whale 18 m
24%
Fin Whale 27 m
17%
Oarfish 11 m
15%
Bowhead Whale 20 m
7%
Manta Ray 7 m
7%
Leatherback Turtle 2,7 m
0%
Minke Whale 10 m
0%
No matching quizzes found
Score Distribution
Percent of People with Each Score
Percentile by Number Answered
Your Score History
You have not taken this quiz